00667nam a22001937a 450000500170000001000150001702000270003203500140005903700090007308200110008210000310009324500860012426000500021027000100026030000280027094200250029899900190032395201310034220241114121755.0 aENG-142193 c1875.00a9788195370184 aEN-125725 bDBAD a662.88 aChattopadhyay, P.K.973952 aHandbook on Biofuel, Ethanol and Bioenergy Based products/cby P.K. Chattopadhyay aDelhibAsia Pacific Business Press Inc.c2022 bDelhi a444p.:c22cm(pbk)bill. 2ddccENh662.88mCHA c206982d206982 001040708NFICaBNbBNd2024-11-14eDBADg1875.00l0o662.88 CHApEN-125725r2024-11-14 00:00:00t1v1875.00w2024-11-14yEN